| 000 | 01029nam a2200157Ia 4500 | ||
|---|---|---|---|
| 005 | 20260209120123.0 | ||
| 008 | 260209s9999||||xx |||||||||||||| ||und|| | ||
| 100 | _aNiranjan Raj | ||
| 245 | 0 | _aTrade in textiles and clothing under the GATT/WTO regime | |
| 260 |
_aBangaloreBangalore _bNLSIU _c2006 |
||
| 300 | _a128 p. ; 25 cm. | ||
| 505 | _aTABLE OF CONTENTS CHAPTER; 1. Introduction; 2. History & Evolution: Past to Present; 3. The Multifibre Arrangement; 4. The Agreement on Textiles and Clothing; 5. Disputes under the ATC; 6. Impact on Global and Indian Textile Trade; 7. Conclusion; Annexure: A. Text of Short Term Arrangement; B. Text of Long Term Arrangement; C. Text of Multifibre Arrangement; D. Text of Agreement on Textiles and Clothing; Bibliography | ||
| 650 | _aAgreement on Textiles & Clothing, Indian Textile Trade - Global Impact, Domestic Textile Manufactures - Safeguard | ||
| 700 | _aProf. A. Jayagovind - GuideProf. A. Jayagovind - Guide | ||
| 856 | _uhttps://dans.nls.ac.in/handle/123456789/1342 | ||
| 999 |
_c216767 _d216767 |
||